000
00212nam a22000857a 4500
008
170120b xxu||||| |||| 00| 0 eng d
100
_9
2516
_a
Siddiqi.N.etal.
245
_a
My EVS Book-3
260
_a
New Delhi
_b
N.P.
_c
2011
999
_c
5592
_d
5592